[Event "Oz.com qualifier blitz"]
[Site "Internet ICC"]
[Date "2000.03.05"]
[Round "5"]
[White "Grischuk,A"]
[Black "Schroer,J"]
[Result "1-0"]
[WhiteElo "2581"]
[BlackElo "2350"]

1.e4 c5 2.Nf3 d6 3.d4 cxd4 4.Nxd4 Nf6 5.Nc3 a6 6.f3 Qb6 7.Nb3 e6 8.Qe2 Nc6
9.Be3 Qc7 10.O-O-O b5 11.g4 Ne5 12.g5 Nfd7 13.f4 Nc4 14.Bd4 Bb7 15.f5 Nde5
16.fxe6 fxe6 17.a3 Be7 18.Qh5+ g6 19.Qh6 Nf7 20.Qh3 Nxg5 21.Qg4 e5 22.Bg1 Nxa3
23.h4 Nf7 24.Bd3 Rc8 25.Rh2 Nc4 26.Nd5 Bxd5 27.exd5 a5 28.h5 Bg5+ 29.Kb1 gxh5
30.Rxh5 a4 31.Rxg5 Nxg5 32.Qxg5 axb3 33.cxb3 Qe7 34.Qg4 Qd7 35.Bf5 Qc7 36.Bxc8 Na5
37.Rc1 Qe7 38.Be6 Nc4 39.bxc4  1-0

[Event "Sufe Cup"]
[Site "Shanghai CHN"]
[Date "2000.03.07"]
[Round "5"]
[White "Xie Jun"]
[Black "Zhang Zhong"]
[Result "0-1"]
[WhiteElo "2542"]
[BlackElo "2611"]

1.e4 c5 2.Nf3 d6 3.d4 cxd4 4.Nxd4 Nf6 5.Nc3 a6 6.f3 e5 7.Nb3 Be6 8.Be3 h5
9.Qd2 Nbd7 10.O-O-O b5 11.Kb1 Be7 12.g3 Nb6 13.Bxb6 Qxb6 14.Nd5 Bxd5 15.exd5 a5
16.Qd3 Rb8 17.Bh3 a4 18.Nd2 Qc5 19.Ne4 Nxe4 20.fxe4 Bg5 21.Rhf1 b4 22.Qa6 O-O
23.Qc6 Qe3 24.Qxd6 b3 25.cxb3 axb3 26.Rxf7 Qe2 27.Rxf8+ Rxf8 28.Rg1 Qc2+
29.Ka1 Ra8 30.a3 Bc1  0-1

[Event "Amber Blindfold"]
[Site "Monaco MNC"]
[Date "2000.03.19"]
[Round "4"]
[White "Anand,V"]
[Black "Van Wely,L"]
[Result "1-0"]
[WhiteElo "2769"]
[BlackElo "2646"]

1.e4 c5 2.Nf3 d6 3.d4 cxd4 4.Nxd4 Nf6 5.Nc3 a6 6.f3 e6 7.Be3 b5 8.Qd2 Nbd7
9.g4 h6 10.O-O-O Bb7 11.h4 b4 12.Na4 Qa5 13.b3 Nc5 14.a3 Nxa4 15.axb4 Qc7
16.bxa4 d5 17.e5 Nd7 18.f4 Nb6 19.f5 Nc4 20.Bxc4 Qxc4 21.fxe6 Bxb4 22.exf7+ Kxf7
23.Qd3 Qa2 24.Rdf1+ Kg8 25.Kd1 a5 26.Bc1 Qxa4 27.Qg6 Qe8 28.h5 Qxg6 29.hxg6 Bc8
30.e6 Bc3 31.Ba3 Ba6 32.e7  1-0

[Event "16th Spring Festival"]
[Site "Budapest HUN"]
[Date "2000.03.20"]
[Round "4"]
[White "Kerek,K"]
[Black "Szeberenyi,A"]
[Result "0-1"]
[WhiteElo "2386"]
[BlackElo "2257"]

1.e4 c5 2.Nf3 d6 3.d4 cxd4 4.Nxd4 Nf6 5.Nc3 a6 6.Be3 Ng4 7.Bc1 Nf6 8.f3 Nc6
9.Nb3 e6 10.Be3 Be7 11.Qd2 O-O 12.O-O-O b5 13.g4 Bb7 14.g5 Nd7 15.f4 Na5
16.Bd3 Rc8 17.Nxa5 Qxa5 18.Kb1 b4 19.Ne2 Nc5 20.Ng3 Na4 21.Qe2 d5 22.Ka1 Bc5
23.Bxc5 Rxc5 24.Rb1 Nb6 25.b3 Rfc8 26.e5 g6 27.Nh5 Nd7 28.Nf6+ Nxf6 29.gxf6 Bc6
30.Rhg1 Bb5 31.Rg2 Rc3 32.Bxb5 axb5  0-1

[Event "Ciocaltea Mem"]
[Site "Bucharest ROM"]
[Date "2000.03.22"]
[Round "9"]
[White "Svetushkin,D"]
[Black "Szabo,G ROM"]
[Result "1-0"]
[WhiteElo "2486"]
[BlackElo "2399"]

1.e4 c5 2.Nf3 d6 3.d4 cxd4 4.Nxd4 Nf6 5.Nc3 a6 6.f3 e6 7.Be3 b5 8.Qd2 Bb7
9.g4 h6 10.O-O-O Nbd7 11.Bd3 b4 12.Na4 Qa5 13.b3 Nc5 14.a3 Nxd3+ 15.cxd3 d5
16.Nc2 e5 17.d4 Bd6 18.dxe5 Bxe5 19.Bd4 Bxd4 20.Qxd4 dxe4 21.Nb6 O-O 22.Nxa8 Rxa8
23.axb4 Qa2 24.Qb2 Qxb2+ 25.Kxb2 exf3 26.h3 Ne4 27.Rd7 Bc6 28.Rc7 Bb5 29.Nd4 f2
30.Nxb5 Ng3 31.Ra1 Rb8 32.Nd6 f1=Q 33.Rxf1 Nxf1 34.Rxf7 Ne3 35.Re7 Nd5 36.Rd7 Nf6
37.Ra7 Rxb4 38.Nf5 Ne8 39.Rxa6 Kf7 40.Ra4 Rb6 41.Re4 Nd6 42.Nxd6+ Rxd6 43.b4 h5
44.Kc3 Ra6 45.Kb3 Ra1 46.gxh5 Kf6 47.b5 Kg5 48.Rb4 Rh1 49.b6 Rxh3+ 50.Ka4  1-0

[Event "Cat XI Spring"]
[Site "Kiev UKR"]
[Date "2000.03.23"]
[Round "2"]
[White "Svetushkin,D"]
[Black "Vorobiov,E"]
[Result "1-0"]
[WhiteElo "2486"]
[BlackElo "2500"]

1.e4 c5 2.Nf3 d6 3.d4 cxd4 4.Nxd4 Nf6 5.Nc3 a6 6.f3 e6 7.Be3 b5 8.Qd2 Nbd7
9.g4 h6 10.O-O-O Bb7 11.Bd3 Ne5 12.Rhe1 b4 13.Na4 d5 14.exd5 Nxd5 15.f4 Qd7
16.b3 Nxd3+ 17.Qxd3 O-O-O 18.f5 e5 19.Nf3 f6 20.Bb6 Re8 21.Nd2 Qb5 22.Ne4 Be7
23.Qc4+ Qxc4 24.bxc4 Nxb6 25.Nxb6+ Kc7 26.Nd5+ Bxd5 27.Rxd5 Rd8 28.Red1 h5
29.g5 fxg5 30.Rxe5 Rxd1+ 31.Kxd1 Bf6 32.Rc5+ Kb6 33.Rd5 g4 34.Rd6+ Kc7 35.Rxa6 h4
36.Ke2 Re8 37.Kd3 g3 38.hxg3 h3 39.Nf2 h2 40.Re6 Rxe6 41.fxe6 Kd6 42.c5+ Kxc5
43.Ke4 Kd6 44.Kf3 Bd4 45.Ne4+ Kxe6 46.Kg2 Be3 47.g4 Bf4 48.c4 Bd6 49.Ng5+ Ke5
50.Nf7+ Ke6 51.Ng5+ Kd7 52.Ne4 Kc6 53.Nf2 Kb6 54.Nd3 Ka5 55.Nb2 Bf4 56.Nd3 Bd6
57.Nb2 Bc7 58.Nd3 Ka4 59.Ne1 Bd6 60.Nc2 Bg3 61.Kh1 Ka5 62.Kg2 Be5 63.Ne1 Bg3
64.Nf3 Ka4  1-0

[Event "Amber Blindfold"]
[Site "Monaco MNC"]
[Date "2000.03.26"]
[Round "9"]
[White "Topalov,V"]
[Black "Van Wely,L"]
[Result "1/2-1/2"]
[WhiteElo "2702"]
[BlackElo "2646"]

1.e4 c5 2.Nf3 d6 3.d4 cxd4 4.Nxd4 Nf6 5.Nc3 a6 6.f3 e6 7.Be3 b5 8.g4 h6 9.Qd2 Nbd7
10.O-O-O Bb7 11.h4 b4 12.Na4 d5 13.Bh3 g5 14.hxg5 hxg5 15.e5 Nxe5 16.Bxg5 Nc4
17.Qe2 Rg8 18.Bh4 Bh6+ 19.Kb1 Qe7 20.Rhe1 Be3 21.Bf2 Bxf2 22.Qxf2 O-O-O 23.b3 Na3+
24.Kb2 Kb8 25.Bf1 Rc8 26.Qh2+ Ka7 27.Rc1 Nd7 28.c3 bxc3+ 29.Nxc3 Qb4 30.Qd2 Ka8
31.Nb1 Nc4+ 32.Bxc4 Rxc4 33.Rxc4 Qxd2+ 34.Nxd2 dxc4 35.Nxc4 Bd5 36.Rd1 Bxc4
37.bxc4 Ne5 38.c5 Rc8 39.Nb3 Nxf3 40.Rd6 Ne5 41.Kc3 Nxg4 42.Rxa6+ Kb7 43.Rd6 Ne5
44.Na5+ Kc7 45.Ra6 Kd7 46.Kd4 Nc6+ 47.Nxc6 Rxc6 48.Ra8 f5 49.a4 f4 50.Kc4 Rc8
51.Rxc8 Kxc8 52.a5 Kb7 53.Kd4 e5+ 54.Ke4 Kc7 55.a6 Kc6 56.Kf3  1/2-1/2

[Event "Open"]
[Site "Bad Wildbad GER"]
[Date "2000.04.03"]
[Round "5"]
[White "Baramidze,D"]
[Black "Polak,T"]
[Result "1-0"]
[WhiteElo "2154"]
[BlackElo "2503"]

1.e4 c5 2.Nf3 d6 3.d4 cxd4 4.Nxd4 Nf6 5.Nc3 a6 6.f3 e5 7.Nb3 Be6 8.Be3 Nbd7
9.g4 b5 10.Qd2 Nb6 11.g5 Nfd7 12.Nd5 Bxd5 13.exd5 Rc8 14.O-O-O Nc4 15.Bxc4 bxc4
16.Na1 Be7 17.h4 O-O 18.c3 f5 19.f4 Qa5 20.Kb1 exf4 21.Bxf4 Nc5 22.Nc2 Ne4
23.Qe3 Rb8 24.Nb4 Qb5 25.Rh2 Bd8 26.Nc6 Ba5 27.Nxa5 Qxa5 28.Ka1 Qa4 29.Rg1 Rb5
30.Qd4 Ra5 31.a3 Rb8 32.g6 h6 33.Qa7 Qe8 34.Bxh6 Qf8 35.Bxg7 Qxg7 36.Qxb8+ Qf8
37.Qc7  1-0

[Event "FSIMA April"]
[Site "Budapest HUN"]
[Date "2000.04.03"]
[Round "3"]
[White "Atakisi,U"]
[Black "Alfred,N"]
[Result "1/2-1/2"]
[WhiteElo "2274"]
[BlackElo "2200"]

1.e4 c5 2.Nf3 d6 3.d4 cxd4 4.Nxd4 Nf6 5.Nc3 a6 6.f3 e5 7.Nb3 Be6 8.Be3 Be7
9.Qd2 O-O 10.g4 d5 11.Bc5 d4 12.Ne2 Nc6 13.Ng3 Bxb3 14.Bxe7 Qxe7 15.axb3 Qb4
16.O-O-O Qxd2+ 17.Rxd2 Rac8 18.h4 Rfd8 19.g5 Nd7 20.Nf5 b5 21.h5 Nf8 22.Bh3 Rc7
23.Kb1 Ne6 24.Rg1 Nf4 25.Bg4 b4 26.Rh2 a5 27.Rgh1 Ra7 28.g6 fxg6 29.hxg6 hxg6
30.Rh8+ Kf7 31.Rxd8 Nxd8 32.Nd6+ Kg8 33.Kc1 a4 34.bxa4 Rxa4 35.Kb1 Ra7 36.Nc4 Nf7
37.Nb6 Nh6 38.Nc8 Rc7 39.Nb6 Nxg4 40.fxg4 Kf7 41.Rh8 Ne2 42.Rh3 Rb7 43.Nc4 Kf6
44.g5+ Ke6 45.Rh8 Ng3 46.Re8+ Re7 47.Rxe7+ Kxe7 48.Nxe5 Nxe4  1/2-1/2

[Event "73rd City-ch"]
[Site "St Petersburg RUS"]
[Date "2000.04.05"]
[Round "3"]
[White "Solozhenkin,E"]
[Black "Popov,Val"]
[Result "1/2-1/2"]
[WhiteElo "2528"]
[BlackElo "2534"]

1.e4 c5 2.Nf3 d6 3.d4 Nf6 4.Nc3 cxd4 5.Nxd4 a6 6.f3 Qb6 7.a4 e6 8.a5 Qc7
9.Be2 d5 10.exd5 exd5 11.Qd3 Nc6 12.Bg5 Qe5 13.Bxf6 gxf6 14.Nxc6 bxc6 15.O-O Bh6
16.Rae1 O-O 17.Bd1 Bf5 18.Qe2 Rfe8 19.Kh1 Qxe2 20.Rxe2 Rxe2 21.Nxe2 Be3 22.Ng3 Be6
23.Be2 c5 24.f4 Rb8 25.b3 Bc8 26.Bf3 Bb7 27.Nf5 Bxf4 28.Bxd5 Bxd5 29.Ne7+ Kg7
30.Nxd5 Be5 31.Nb6 Bc3 32.g3 Bxa5 33.Nd7 Rd8 34.Nxc5 Rc8 35.Rf5 Kg6 36.g4 Rc6
37.c4 Bc7 38.Kg2 Be5 39.Nd3 Rd6 40.Nxe5+ fxe5 41.Rxe5 Rd1 42.Ra5 Rb1 43.h4 Rxb3
44.Rxa6+ Kg7 45.g5 Rc3 46.Rc6 h5 47.gxh6+ Kh7 48.Kf2 f5 49.Ke2 f4 50.Kf2 f3
51.c5 Kh8 52.Rc7 Kg8 53.c6 Kh8 54.Kg3 Kg8 55.Rg7+ Kh8 56.c7 f2+ 57.Kxf2 Rc2+
58.Kg3 Rc3+ 59.Kg4 Rc4+ 60.Kh5 Rc5+  1/2-1/2

[Event "Estonian Club Cup 2nd leg"]
[Site "Tallinn EST"]
[Date "2000.04.07"]
[Round "?"]
[White "Leito,P"]
[Black "Lelumees,B"]
[Result "1/2-1/2"]
[WhiteElo "2377"]
[BlackElo "2175"]

1.e4 c5 2.Nf3 d6 3.d4 cxd4 4.Nxd4 Nf6 5.Nc3 a6 6.f3 e5 7.Nb3 Be6 8.Be3 Nc6
9.Qd2 d5 10.exd5 Nxd5 11.Nxd5 Qxd5 12.Qxd5 Bxd5 13.O-O-O O-O-O 14.Bb6 Rd6
15.Bc5 Rd8 16.c4 Be6 17.Rxd8+ Kxd8 18.a3 Kc7 19.Bxf8 Rxf8 20.Nc5 Bf5 21.Bd3 Bxd3
22.Nxd3 Rd8 23.Rd1 f6 24.Kc2 Rd4 25.Kc3 Rh4 26.h3 e4 27.fxe4 Rxe4 28.Nc5 Re3+
29.Rd3 Re7  1/2-1/2

[Event "FSIMA April"]
[Site "Budapest HUN"]
[Date "2000.04.10"]
[Round "10"]
[White "Atakisi,U"]
[Black "Froehlich,P"]
[Result "0-1"]
[WhiteElo "2274"]
[BlackElo "2375"]

1.e4 c5 2.Nf3 d6 3.d4 cxd4 4.Nxd4 Nf6 5.Nc3 a6 6.f3 e5 7.Nb3 Be6 8.Be3 Be7
9.Qd2 O-O 10.O-O-O a5 11.Kb1 a4 12.Nc1 Ra5 13.f4 exf4 14.Bxf4 Ne8 15.Nb5 Nc6
16.Nxd6 Nxd6 17.Bxd6 Bxd6 18.Qxd6 Qf6 19.Qa3 Ne5 20.Qc3 b6 21.a3 Rc8 22.Qd4 h6
23.Qxb6 Ba2+  0-1

[Event "Open"]
[Site "Dos Hermanas ESP"]
[Date "2000.04.13"]
[Round "7"]
[White "Korneev,O"]
[Black "Komljenovic,D"]
[Result "0-1"]
[WhiteElo "2619"]
[BlackElo "2506"]

1.e4 c5 2.Nf3 d6 3.d4 cxd4 4.Nxd4 Nf6 5.Nc3 a6 6.f3 e6 7.Be3 Be7 8.Qd2 Nc6
9.O-O-O O-O 10.g4 Nxd4 11.Bxd4 b5 12.g5 Nd7 13.h4 Qa5 14.a3 Ne5 15.Be2 Nc6
16.Kb1 Nxd4 17.Qxd4 Rb8 18.h5 b4 19.h6 e5 20.Qd5 Qb6 21.axb4 Qxb4 22.Qb3 Qxb3
23.cxb3 Be6 24.Bc4 Bxg5 25.Rxd6 Bxh6 26.Rxa6 Be3 27.Kc2 Bd4 28.Nd5 Kh8 29.Rh2 Rfc8
30.Kd3 g6 31.f4 Kg7 32.b4 Bxd5 33.exd5 Rxb4 34.Rc6 Rcb8 35.b3 Rxb3+ 36.Bxb3 Rxb3+
37.Kc4 Re3 38.Kb5 exf4 39.d6 Rd3 40.Kc4 Rd1 41.d7 Bf6  0-1

[Event "Millennium Masters"]
[Site "Oakham ENG"]
[Date "2000.04.15"]
[Round "5"]
[White "Aagaard,J"]
[Black "Hummel,P"]
[Result "1-0"]
[WhiteElo "2396"]
[BlackElo "2347"]

1.e4 c5 2.Nf3 d6 3.d4 cxd4 4.Nxd4 Nf6 5.Nc3 a6 6.f3 Qb6 7.Nb3 Qc7 8.Be3 e6
9.Qd2 b5 10.g4 Bb7 11.O-O-O Nfd7 12.Bd3 Ne5 13.f4 Nc4 14.Bxc4 bxc4 15.Nd4 Nd7
16.Rhf1 Nc5 17.f5 e5 18.Nde2 Nxe4 19.Nxe4 Bxe4 20.f6 gxf6 21.Nc3 Bc6 22.Rxf6 Rb8
23.Rdf1 Qd7 24.Qe2 Rb7 25.Qxc4 Bb5 26.Nxb5 axb5 27.Qd5 Rg8 28.g5 Rg6 29.Rxf7 Qxf7
30.Rxf7 Rxf7 31.Qxb5+ Rd7 32.a4 Be7 33.a5 Bxg5 34.Bxg5 Rxg5 35.b4  1-0

[Event "Kaissa CC"]
[Site "Kharkov UKR"]
[Date "2000.05.08"]
[Round "10"]
[White "Arzumanian,G"]
[Black "Semerij,Y"]
[Result "1/2-1/2"]
[WhiteElo "2326"]
[BlackElo "2240"]

1.e4 c5 2.Nf3 d6 3.d4 cxd4 4.Nxd4 Nf6 5.Nc3 a6 6.f3 Nc6 7.Be3 Qb6 8.a3 Bd7
9.Qd2 Qa5 10.g4 Nxd4 11.Bxd4 e5 12.Be3 Be6 13.O-O-O Rc8 14.Kb1 h6 15.h4 Rxc3
16.Qxc3 Qxc3 17.bxc3 d5 18.g5 hxg5 19.Bxg5 dxe4 20.Bxf6 gxf6 21.fxe4 Bg4
22.Re1 Bxa3 23.Be2 Be6 24.h5 Bf8  1/2-1/2

[Event "Capablanca Mem Elite"]
[Site "Varadero CUB"]
[Date "2000.05.09"]
[Round "3"]
[White "Slobodjan,R"]
[Black "Bruzon,L"]
[Result "1/2-1/2"]
[WhiteElo "2561"]
[BlackElo "2568"]

1.e4 c5 2.Nf3 d6 3.d4 cxd4 4.Nxd4 Nf6 5.Nc3 a6 6.f3 e5 7.Nb3 Be6 8.Be3 Nbd7
9.Qd2 b5 10.O-O-O Nb6 11.Qf2 Nc4 12.Bxc4 bxc4 13.Nc5 Qc7 14.N5a4 Rb8 15.g4 Be7
16.h4 Qc6 17.Nb6 Qb7 18.g5 Nd7 19.Nba4 Qc6 20.a3 O-O 21.h5 f5 22.gxf6 Nxf6
23.Qg3 Kh8 24.Rdg1 Rf7 25.Rh2 Bd8 26.Bg5 Qe8 27.h6 g6 28.f4 Ng4 29.Rd2 Bxg5
30.fxg5 Qe7 31.Kb1 Rd8 32.Qh4 Rf4 33.Ne2 Qa7 34.Nac3 Qe3 35.Nxf4 exf4 36.Rdd1 Ne5
37.Rgf1 f3 38.Qg3 Qc5 39.Nd5 Rf8 40.Rf2 a5 41.Nc3 Kg8 42.Ka2 Rf7 43.Rfd2 Rd7
44.Ka1 Rd8 45.Kb1 Rd7 46.Ka2 Rd8 47.Ka1 Rd7 48.Rf1 Rf7 49.Rdd1 Kf8 50.Rf2 Kg8
51.Rfd2 Rd7 52.Rf2  1/2-1/2

[Event "Capablanca Mem Elite"]
[Site "Varadero CUB"]
[Date "2000.05.10"]
[Round "4"]
[White "Slobodjan,R"]
[Black "Dominguez,L"]
[Result "1/2-1/2"]
[WhiteElo "2561"]
[BlackElo "2508"]

1.e4 c5 2.Nf3 d6 3.d4 cxd4 4.Nxd4 Nf6 5.Nc3 a6 6.f3 Nc6 7.Be3 d5 8.exd5 Nxd5
9.Nxd5 Qxd5 10.Nxc6 Qxc6 11.Bd3 e5 12.c3 Bc5 13.Qe2 O-O 14.O-O Be6 15.Rfd1 Rad8
16.Qf2 Bxe3 17.Qxe3 Qc7 18.Rd2 f5 19.Re1 e4 20.fxe4 f4 21.Qf2 Bxa2 22.e5 Be6
23.Be4 b5 24.Rxd8 Qxd8 25.Qd4 Qh4 26.Rf1 Rd8 27.Qb6 Bc4 28.Ra1 Qe7 29.Re1 Qh4
30.Ra1 Qe7 31.Re1 Qh4  1/2-1/2

[Event "FSIM May"]
[Site "Budapest HUN"]
[Date "2000.05.14"]
[Round "9"]
[White "Pilgaard,K"]
[Black "Froehlich,P"]
[Result "1/2-1/2"]
[WhiteElo "2377"]
[BlackElo "2375"]

1.e4 c5 2.Nf3 d6 3.d4 cxd4 4.Nxd4 Nf6 5.Nc3 a6 6.f3 e6 7.Be3 Be7 8.Qd2 h5
9.a4 b6 10.Bc4 Qc7 11.Ba2 Nc6 12.Nxc6 Qxc6 13.O-O Bb7 14.Kh1 h4 15.Qd4 b5
16.Bb3 O-O 17.Qb4 Qd7 18.axb5 d5 19.Qd4 dxe4 20.Qxd7 Nxd7 21.Nxe4 axb5 22.Rad1 Nf6
23.Bg5 h3 24.Bxf6 Bxf6 25.Nxf6+ gxf6 26.gxh3 Rfd8 27.Kg2 f5 28.Kf2 Kf8 29.c3 Ke7
30.Rxd8 Rxd8 31.Rd1 Rh8 32.Ra1 Kd6 33.Bd1 Rxh3 34.Kg2 Rh8 35.Be2 Kc5 36.Ra5 Bc6
37.Ra6 Rb8 38.b4+ Kd6 39.Kf2 f4 40.Bf1 f5 41.h4 Kc7 42.Ra7+ Kb6 43.Rh7 Ra8  1/2-1/2

[Event "FSIM May"]
[Site "Budapest HUN"]
[Date "2000.05.16"]
[Round "11"]
[White "Pilgaard,K"]
[Black "Rajlich,V"]
[Result "1-0"]
[WhiteElo "2377"]
[BlackElo "2309"]

1.e4 c5 2.Nf3 d6 3.d4 cxd4 4.Nxd4 Nf6 5.Nc3 a6 6.f3 e5 7.Nb3 Be6 8.Be3 Nbd7
9.Qd2 Be7 10.g4 h6 11.O-O-O b5 12.Kb1 Nb6 13.Qf2 Rb8 14.h4 b4 15.Ne2 Nc4
16.Bc1 a5 17.Nd2 Nxd2+ 18.Bxd2 d5 19.Bh3 dxe4 20.g5 hxg5 21.Bxe6 fxe6 22.Be3 Qc7
23.hxg5 Rxh1 24.Rxh1 Nd5 25.fxe4 Nc3+ 26.bxc3 bxc3+ 27.Ka1 Rb2 28.g6 Kd7
29.Qf7 Rxa2+ 30.Kxa2 Qc4+ 31.Kb1 Qxe2 32.Bg5 Qb5+ 33.Kc1 Qb2+ 34.Kd1 Qb1+
35.Bc1 Qb6 36.Ke2  1-0

[Event "Olympic Capital Young Masters"]
[Site "Lausanne SUI"]
[Date "2000.05.30"]
[Round "1.1"]
[White "Grischuk,A"]
[Black "Fressinet,L"]
[Result "1-0"]
[WhiteElo "2581"]
[BlackElo "2501"]

1.e4 c5 2.Nf3 d6 3.d4 cxd4 4.Nxd4 Nf6 5.Nc3 a6 6.f3 e5 7.Nb3 Be6 8.Be3 Nbd7
9.g4 b5 10.g5 Nh5 11.Qd2 Be7 12.O-O-O Nb6 13.Nd5 Nxd5 14.exd5 Bd7 15.Na5 O-O
16.Kb1 f6 17.gxf6 Rxf6 18.Nc6 Bxc6 19.dxc6 Qc7 20.Bg5 Rg6 21.Bxe7 Qxe7 22.Qa5 Qe8
23.c7 Nf4 24.c4 b4 25.c5 d5 26.Bc4 Qf7 27.c6 Rd6 28.Qxa6 Qe8 29.Qb7 Qxc6
30.Qxc6 Rxc6 31.Rxd5 Rxc4 32.Rd8+ Kf7 33.Rc1  1-0

[Event "Guillermo Garcia Premier I"]
[Site "Santa Clara CUB"]
[Date "2000.06.03"]
[Round "9"]
[White "Teran Alvarez,I"]
[Black "Abreu,A"]
[Result "1/2-1/2"]
[WhiteElo "2401"]
[BlackElo "2419"]

1.e4 c5 2.Nf3 d6 3.d4 cxd4 4.Nxd4 Nf6 5.Nc3 a6 6.f3 Nc6 7.Be3 d5 8.Qe2 e6
9.O-O-O Bb4 10.exd5 Nxd5 11.Nxc6 bxc6 12.Ne4 Qa5 13.Bd4 Qxa2 14.c4 Qa1+  1/2-1/2

[Event "IM"]
[Site "Stockholm SWE"]
[Date "2000.06.16"]
[Round "7"]
[White "Matros,A"]
[Black "Eriksson,Joh"]
[Result "1-0"]
[WhiteElo "2413"]
[BlackElo "2364"]

1.e4 c5 2.Nf3 d6 3.d4 cxd4 4.Nxd4 Nf6 5.Nc3 a6 6.f3 e6 7.Be3 Nc6 8.Qd2 Be7
9.O-O-O O-O 10.g4 Rb8 11.g5 Nd7 12.h4 Nxd4 13.Bxd4 b5 14.f4 b4 15.Ne2 Nc5
16.Bg2 Qa5 17.Kb1 Bb7 18.Qe3 Rfc8 19.b3 Qc7 20.Rd2 a5 21.Ng3 Bf8 22.f5 exf5
23.exf5 Bxg2 24.Rxg2 Qc6 25.Qf2 Ne4 26.Nxe4 Qxe4 27.Re1 Qd5 28.h5 Re8 29.Rgg1 Re4
30.Rxe4 Qxe4 31.Re1 Qd5 32.h6 Rc8 33.Bb2 Qc5 34.Bd4 Qd5 35.hxg7 Bxg7 36.f6 Bf8
37.Bb2 Rc5 38.Qh2 Qf5 39.Rh1 Qg6 40.Bc1 d5 41.Re1 Rc8 42.Bf4 Kh8 43.Qd2 Bc5
44.Re2 d4 45.Qd3 Rd8 46.Kc1 Kg8 47.Kd2 Bf8 48.Qxg6+ fxg6 49.Re6 Rd5 50.Kd3 h5
51.gxh6 g5 52.Re5 Rxe5 53.Bxe5 Bxh6 54.Ke4 Kf7 55.Kf5 g4 56.Kxg4 Ke6 57.Bxd4 Kd5
58.Bb6 Ke6 59.Kh5  1-0

[Event "zt 1.4"]
[Site "Budapest HUN"]
[Date "2000.06.18"]
[Round "2"]
[White "Socko,B"]
[Black "Jaracz,P"]
[Result "1-0"]
[WhiteElo "2556"]
[BlackElo "2490"]

1.e4 c5 2.Nf3 d6 3.d4 cxd4 4.Nxd4 Nf6 5.Nc3 a6 6.f3 e5 7.Nb3 Be6 8.Be3 h5
9.Qd2 Nbd7 10.O-O-O Rc8 11.Kb1 Be7 12.Nd5 Nxd5 13.exd5 Bf5 14.Bd3 Bxd3 15.Qxd3 Bg5
16.Bf2 Qc7 17.h4 Bh6 18.Rhe1 O-O 19.g4 hxg4 20.fxg4 Bf4 21.Nd2 Bxd2 22.Qxd2 Nf6
23.g5 Nh5 24.Re4 Qd7 25.Bb6 f5 26.gxf6 Rxf6 27.b3 Rf3 28.Qg5 Qf7 29.c4 Rf8
30.Kb2 Nf4 31.Ka3 Qd7 32.Rg1 Rd3 33.Qg4 Qf7 34.Ree1 a5 35.Rd1 Rxd1 36.Rxd1 a4
37.b4 Qf6 38.Kxa4 Qh6 39.Rg1 Qh7 40.Kb5 Kh8 41.Bc7 Nxd5 42.cxd5 Qd3+ 43.Qc4 Qxc4+
44.Kxc4 Rc8 45.Kb5 Rxc7 46.Rg6 Re7 47.Rxd6 Kg8 48.Re6 Kf7 49.Rxe7+ Kxe7 50.Kc5 g6
51.a4  1-0

[Event "11th Open"]
[Site "Ljubljana SLO"]
[Date "2000.06.20"]
[Round "4"]
[White "Fercec,N"]
[Black "Mazi,L"]
[Result "1/2-1/2"]
[WhiteElo "2464"]
[BlackElo "2380"]

1.e4 c5 2.Nf3 d6 3.d4 cxd4 4.Nxd4 Nf6 5.Nc3 a6 6.f3 e6 7.Be3 Be7 8.Qd2 O-O
9.g4 Nc6 10.O-O-O Nxd4 11.Bxd4 b5  1/2-1/2

[Event "11th Open"]
[Site "Ljubljana SLO"]
[Date "2000.06.21"]
[Round "5"]
[White "Gombac,Jan"]
[Black "Stevanec,L"]
[Result "1-0"]
[WhiteElo "2247"]
[BlackElo "2112"]

1.e4 c5 2.Nf3 d6 3.d4 cxd4 4.Nxd4 Nf6 5.Nc3 a6 6.f3 b5 7.Be3 e6 8.g4 h6 9.h4 Qc7
10.Rg1 Nfd7 11.Qd2 Nb6 12.g5 hxg5 13.hxg5 g6 14.Ndxb5 axb5 15.Nxb5 Qc6 16.Qd4 Qc5
17.b4 Qxd4 18.Bxd4 e5 19.Bxb6 Na6 20.c3 Bb7 21.Rd1 Kd7 22.Rg2 d5 23.exd5 Nxb4
24.cxb4 Bxb4+ 25.Kf2 Rxa2+ 26.Kg1 Rxg2+ 27.Kxg2 Rh5 28.Be3 Be7 29.Nc3 Bxg5
30.Bb5+ Kc8 31.Bb6 Bd8 32.Bc5 f5 33.Na4 e4 34.f4 g5 35.Bd6 Ba5 36.Nc5 gxf4
37.Bxf4 Rh7 38.Ne6 Ba8 39.Ba6+  1-0

[Event "White Nights Open"]
[Site "St Petersburg RUS"]
[Date "2000.06.29"]
[Round "6"]
[White "Rogovoi,M"]
[Black "Prosunchikov,G"]
[Result "1-0"]
[WhiteElo "2237"]
[BlackElo "2088"]

1.e4 c5 2.Nf3 d6 3.d4 cxd4 4.Nxd4 Nf6 5.Nc3 a6 6.f3 e5 7.Nb3 Be6 8.Be3 b5
9.g4 Be7 10.g5 Nfd7 11.h4 Nb6 12.Qd2 N8d7 13.Nd5 Bxd5 14.exd5 Nc4 15.Bxc4 bxc4
16.Na5 Qc7 17.Qc3 Rc8 18.O-O-O Nb8 19.b3 cxb3 20.Qxc7 b2+ 21.Kxb2 Rxc7 22.c4 Nd7
23.Nc6 f5 24.Kc3 f4 25.Bf2 h6 26.Rdg1 hxg5 27.Nxe7 Kxe7 28.Rxg5 Kf7 29.Rhg1 Rh7
30.Rb1 Rh8 31.Rbg1 Rh7 32.Rb1 Rh6 33.Kd3 Rg6 34.Rxg6 Kxg6 35.Rb3 Kf7 36.Ra3 Nb8
37.Rb3 Nd7 38.Ra3 e4+ 39.fxe4 Ne5+ 40.Ke2 Rxc4 41.Kd2 Rxe4 42.Rxa6 g6 43.Kd1 Ke7
44.Ra7+ Kf6 45.a4 Nd3 46.Bb6 f3 47.Ra8 Kf5 48.a5 Nb4 49.Rf8+ Kg4 50.Rf6 Nxd5
51.Rxg6+ Kxh4 52.Bf2+ Kh5 53.Rxd6 Nc3+ 54.Kc2 Re2+ 55.Rd2 Ne4 56.Rxe2 fxe2
57.Be1 Nd6 58.a6 Nc8 59.Kd3 Kg6 60.Ke4 Kg5 61.Bc3 Kg4 62.Bd2 Kg3 63.Ke3 Kg4
64.Kxe2 Kf5 65.Kd3 Ke5 66.Kc4 Kd6 67.Kb5 Kc7 68.Bf4+ Nd6+ 69.Bxd6+  1-0

[Event "White Nights Open"]
[Site "St Petersburg RUS"]
[Date "2000.07.02"]
[Round "9"]
[White "Barbitskij,A"]
[Black "Chehlov,A"]
[Result "1-0"]
[WhiteElo "2284"]
[BlackElo "2248"]

1.e4 c5 2.Nf3 d6 3.d4 cxd4 4.Nxd4 Nf6 5.Nc3 a6 6.f3 e5 7.Nb3 Be6 8.Be3 Nbd7
9.Qd2 Rc8 10.O-O-O b5 11.Qf2 Qc7 12.g4 h6 13.h4 b4 14.Nd5 Bxd5 15.exd5 Ra8
16.Kb1 g6 17.Qe1 Bg7 18.Qxb4 a5 19.Qa4 O-O 20.g5 hxg5 21.hxg5 Nh5 22.Qc6 Rfc8
23.Bh3 f5 24.gxf6 Nhxf6 25.Be6+ Kf8 26.Qxc7 Rxc7 27.Rdg1 a4 28.Nc1 a3 29.Rxg6 axb2
30.Nb3 Ne8 31.Bh6 Ndf6 32.Bxg7+ Rxg7 33.Rh8+  1-0

[Event "ch-NOR"]
[Site "Asker NOR"]
[Date "2000.07.12"]
[Round "6"]
[White "Gullaksen,E"]
[Black "Hagesaether,H"]
[Result "0-1"]
[WhiteElo "2353"]
[BlackElo "2215"]

1.e4 c5 2.Nf3 d6 3.d4 Nf6 4.Nc3 cxd4 5.Nxd4 a6 6.f3 e5 7.Nb3 Be6 8.Be3 Be7
9.Qd2 O-O 10.g4 Nbd7 11.O-O-O b5 12.g5 Nh5 13.Rg1 Nb6 14.Na5 Rc8 15.Nd5 Bxd5
16.exd5 Nxd5 17.Qxd5 Qxa5 18.Bh3 Rc4 19.Kb1 Qc7 20.Bg4 Nf4 21.Bxf4 Rxf4 22.h4 a5
23.Qxb5 Rb8 24.Qd3 d5 25.Rge1 Rd4 26.Qe3 Qb6 27.Qb3 Rb4 28.Qxd5 Rxb2+ 29.Ka1 Qb4  0-1

[Event "Golden Cleopatra Open"]
[Site "Cairo EGY"]
[Date "2000.07.14"]
[Round "4"]
[White "Goloshchapov,A"]
[Black "Donchenko,A"]
[Result "1/2-1/2"]
[WhiteElo "2561"]
[BlackElo "2428"]

1.e4 c5 2.Nf3 d6 3.d4 cxd4 4.Nxd4 Nf6 5.Nc3 a6 6.Be3 Ng4 7.Bc1 Nf6 8.f3 Qb6
9.Nb3 e6 10.Qe2 Nc6 11.Be3 Qc7 12.O-O-O b5 13.g4 Ne5 14.Kb1 Bb7 15.g5 Nfd7
16.f4 Nc4 17.Bc1 Ndb6 18.Bg2 Be7 19.Nd4 b4 20.Nd5 exd5 21.exd5 O-O 22.Nf5  1/2-1/2

[Event "ch-Paris"]
[Site "Paris FRA"]
[Date "2000.07.15"]
[Round "1"]
[White "Amadou,D"]
[Black "Palac,M"]
[Result "0-1"]
[WhiteElo "2149"]
[BlackElo "2573"]

1.e4 c5 2.Nf3 d6 3.d4 cxd4 4.Nxd4 Nf6 5.Nc3 a6 6.f3 Qb6 7.Bc4 Nc6 8.Nxc6 bxc6
9.Qe2 e6 10.Qf2 Qxf2+ 11.Kxf2 d5 12.Bd3 Rb8 13.Re1 Bd6 14.g3 O-O 15.Na4 Nd7
16.Be3 e5 17.c3 Rd8 18.Rad1 Nf8 19.Ba7 Rb7 20.Be3 Re7 21.Bb6 Rde8 22.exd5 Nd7
23.Be3 cxd5 24.Bf5 Bc7 25.Bc2 Bb7 26.Nc5 Nxc5 27.Bxc5 Re6 28.Bf5 Rf6 29.Bd7 Rd8
30.Bg4 h5 31.Bh3 Rb8 32.Be7 Rh6 33.Bf1 Bb6+ 34.Kg2 Re6 35.Bb4 a5 36.Ba3 h4
37.Bd3 e4 38.Be2 d4 39.cxd4 exf3+ 40.Bxf3 h3+ 41.Kf2 Rxe1 42.Rxe1 Bxd4+ 43.Ke2 Re8+
44.Kd2 Rxe1 45.Bxb7 Ra1 46.Bc8 Rh1 47.Kd3 Bf6 48.Bxh3 Rxh2 49.Bf1 Bxb2 50.Bd6 Rf2
51.Be2 f6 52.Bc5 Rg2 53.g4 Kf7 54.Bd1 Be5 55.Bb6 a4 56.Bxa4 Rxg4 57.Bb3+ Ke7
58.a4 Kd7 59.a5 Ke8  0-1

[Event "ch-Paris"]
[Site "Paris FRA"]
[Date "2000.07.18"]
[Round "4"]
[White "Berthelot,Y"]
[Black "Mazet,J"]
[Result "1-0"]
[WhiteElo "2312"]
[BlackElo "2190"]

1.e4 c5 2.Nf3 d6 3.d4 cxd4 4.Nxd4 Nf6 5.Nc3 a6 6.f3 e5 7.Nb3 Be6 8.Be3 Nbd7
9.g4 h6 10.Qd2 Be7 11.O-O-O b5 12.h4 b4 13.Nd5 Bxd5 14.exd5 Nb6 15.Bxb6 Qxb6
16.Bc4 a5 17.Qd3 a4 18.Bb5+ Kf8 19.Nd2 a3 20.b3 Bd8 21.Bc6 Rb8 22.g5 Nh5
23.Nc4 Qc7 24.Kb1 g6 25.Rhg1 hxg5 26.hxg5 Nf4 27.Qe4 Qe7 28.Rh1 Rh5 29.Rxh5 Nxh5
30.Qg4 Bb6 31.Rh1 Bc5 32.Nd2 Be3 33.Ne4 Kg7 34.Qd7 Qxd7 35.Bxd7 Rd8 36.Bc6 Bf4
37.c3 bxc3 38.Kc2 Bd2 39.Nxd2 cxd2 40.Kxd2 Rb8 41.Kc3 Ng3 42.Rh3 Ne2+ 43.Kc4 Nc1
44.Rh2 Rh8 45.Rc2 Rh1 46.b4 Rd1 47.b5 Nd3 48.b6 Nc5 49.Rc3 Rb1 50.Bb5 e4
51.Rxa3 exf3 52.Rxf3 Ne4 53.a4  1-0

[Event "Open"]
[Site "Bolzano ITA"]
[Date "2000.07.19"]
[Round "6"]
[White "Gyimesi,Z"]
[Black "Sax,G"]
[Result "1/2-1/2"]
[WhiteElo "2518"]
[BlackElo "2609"]

1.e4 c5 2.Nf3 d6 3.d4 cxd4 4.Nxd4 Nf6 5.Nc3 a6 6.Be3 Ng4 7.Bc1 Nf6 8.f3 e5
9.Nb3 Be6 10.Be3 Nc6 11.Qd2 d5 12.exd5 Nxd5 13.Nxd5 Qxd5 14.Qxd5 Bxd5 15.O-O-O O-O-O
16.Bb6 Rd6 17.Bc5 Rd8 18.Bb6 Rd6  1/2-1/2